«Terra incognita». (Record no. 905011)
[ view plain ]
| 000 -CABECERA | |
|---|---|
| Campo de control de longitud fija | 00749nam a22002297a 4500 |
| 001 - NÚMERO DE CONTROL | |
| Campo de control | 129948 |
| 003 - IDENTIFICADOR DEL NÚMERO DE CONTROL | |
| Campo de control | ES-SlBCS |
| 005 - FECHA Y HORA DE LA ÚLTIMA TRANSACCIÓN | |
| Campo de control | 20260623083222.0 |
| 008 - CÓDIGOS DE INFORMACIÓN DE LONGITUD FIJA | |
| Campo de control de longitud fija | 260623b ||||| |||| 00| 0 spa d |
| 017 ## - NÚMERO DE COPYRIGHT O DE DEPÓSITO LEGAL | |
| Número de copyright o de depósito legal | B 9560-2024 |
| Agencia que asigna el número | Barcelona |
| 020 ## - NÚMERO INTERANCIONAL NORMALIZADO PARA LIBROS (ISBN) | |
| Número Internacional Normalizado para Libros (ISBN) | 978-84-19958-02-0 |
| 100 1# - PUNTO DE ACCESO PRINCIPAL-NOMBRE DE PERSONA | |
| Nombre de persona | Corbin, Alain |
| 9 (RLIN) | 331221 |
| 245 1# - MENCIÓN DE TÍTULO | |
| Título | «Terra incognita». |
| Resto del título | Una historia de la ignorancia (Siglos XVIII-XIX). |
| Mención de responsabilidad, etc. | Alain Corbin |
| 250 ## - MENCIÓN DE EDICIÓN | |
| Mención de edición | 1ª (junio de 2024) |
| 260 ## - PUBLICACIÓN, DISTRIBUCIÓN, ETC... (PIE DE IMPRENTA) | |
| Lugar de publicación, distribución, etc. | Barcelona |
| Nombre del editor, distribuidor, etc. | Acantilado |
| Fecha de publicación, distribución, etc. | 2024 |
| 300 ## - DESCRIPCIÓN FÍSICA | |
| Extensión | 233 p., |
| Otras características físicas | tapa blanda, |
| Dimensiones | 21 cm, |
| 490 0# - MENCIÓN DE SERIE | |
| Mención de serie | El Acantilado |
| Designación de volumen o secuencia | 482 |
| 500 1# - NOTA GENERAL | |
| Nota general | Donación de Gabrielle Palasciano |
| 650 #0 - PUNTO DE ACCESO ADICIONAL DE MATERIA-TÉRMINO DE MATERIA | |
| Término de materia o nombre geográfico como elemento inicial | Antropología |
| Subdivisión de forma | Ignorancia |
| 9 (RLIN) | 429752 |
| 700 1# - PUNTO DE ACCESO ADICIONAL-NOMBRE DE PERSONA | |
| Nombre de persona | Marco Aurelio Galmarini |
| Término indicativo de función | trad. |
| Título de la obra | Terra incognita |
| 9 (RLIN) | 429753 |
| 942 ## - ENTRADA DE ELEMENTOS AGREGADOS (KOHA) | |
| Fuente de clasificaión o esquema | |
| Koha [por defecto] tipo de item | Libros |
| Suprimido | Perdido | Fuente de clasificación o esquema | Estropeado | No para préstamo | Localización permanente | Localización actual | Fecha adquisición | Signatura completa | Número de Registro / Código de Barras | Fecha última consulta | Fecha del precio de reemplazo | Tipo de item de Koha |
|---|---|---|---|---|---|---|---|---|---|---|---|---|
| San Esteban | San Esteban | 23/06/2026 | 111 Cor ter | 129948 | 23/06/2026 | 23/06/2026 | Libros |
